| 000 | 00408nam a22001337a 4500 | ||
|---|---|---|---|
| 999 |
_c522721 _d522721 |
||
| 008 | 230509b ||||| |||| 00| 0 eng d | ||
| 100 |
_aDinda, Amitava _940654 |
||
| 245 | _aProblems and prospects of ecotourism of Gosaba block: an anthropological study of Sundarban | ||
| 260 | _aMan In India | ||
| 300 | _a10(3-4), 2022: p.347-373 | ||
| 773 | _aMan In India | ||
| 906 | _aECOTOURISM | ||
| 942 | _cAR | ||